Islands of Iceland - with a Map - Statistics

General Stats
  • This quiz has been taken 42 times
  • The average score is 8 of 15
Answers on the Map
Answers color-coded by a green-red scale on the quiz's map according to % correct below.
 
Answer Stats
Island Inhabitants Size in km² Island chain/ bay/ fjord etc. % Correct
1 I Iceland 361.000 103.125 Mainland
84%
1 I Iceland 361.000 103.125 Mainland
84%
4 G Grímsey 103 5,3 Polar circle
69%
5 G Grímsey 103 5,3 Polar circle
69%
2 H Heimaey 4.301 13,4 Vestmannaeyjar/ West man islands
56%
2 H Heimaey 4.301 13,4 Vestmannaeyjar/ West man islands
56%
5 F Flatey 5 ca. 0,56 Credits to Baxtergrad for the data. Breiðafjörður/ Broad Fjord
53%
7 F Flatey 0 2,7 Skjálfandi/ Earthquake-Bay
53%
3 H Hrísey 167 7,67 Eyjafjörður/ Island-Fjord
53%
3 H Hrísey 167 7,67 Eyjafjörður/ Island-Fjord
53%
8 P Papey 0 1,82 Álftafjörður/ Swan-Fjord
41%
10 M Málmey 0 1,7 Skagafjörður/ Peninsula-Fjord
31%
9 Æ Æðey 0 1,76 Ísafjarðardjúp/ Ice-Fjord-Depth
28%
6 B Brokey 0 3,7 Breiðafjörður/ Broad Fjord
28%
4 H Hjörsey 0 5,5 Faxaflói/ Faxi's Bay
22%
No matching quizzes found
Score Distribution
Percent of People with Each Score
Percentile by Number Answered
Your Score History
You have not taken this quiz